| 000 | 00924nam a2200205 i 4500 | ||
|---|---|---|---|
| 001 | 113624 | ||
| 003 | ES-MaACL | ||
| 005 | 20250817180322.0 | ||
| 007 | t| | ||
| 008 | 061121m19231927sp r ||||1| spa d | ||
| 100 | 1 |
_aPalau y Dulcet, Antonio. _988506 |
|
| 245 | 1 | 0 |
_aManual del librero hispano-americano _b: inventario bibliográfico de la producción científica y literaria de España y de la América Latina desde la invención de la imprenta hasta nuestros días : con el valor comercial de todos los artículos descritos / _cpor Antonio Palau y Dulcet. |
| 260 |
_aBarcelona : _bLibrería Anticuaria, _c1923-1927. |
||
| 300 |
_a7 v. ; _c27 cm. |
||
| 505 | 8 | _aContiene: t. 1. A-B t. 2. C-CH t. 3. D-G t. 4. H-LL t. 5. M-O t. 6. P-S t. 7. T-Z | |
| 650 | 0 | 7 |
_aBibliografías españolas _2embne _910523 |
| 650 | 4 |
_aBibliografías hispanoamericanas. _9149482 |
|
| 852 |
_aES-MaACL _jA-845-51 |
||
| 999 |
_c113624 _d113624 |
||